Statistiche per Numeri in diverse lingue

Clicka qui per fare il quiz!

Statistiche generali

  • Questo quiz è stato fatto 193 volte
  • Il punteggio medio è 35 su 55

Statistiche sulle risposte

#LinguaName% Corretto
1Frenchun
100%
5Frenchcinq
99%
2Italiandue
99%
4Italianquattro
99%
3Italiantre
99%
1Italianuno
99%
1Spanishuno
99%
0Frenchzéro
99%
0Italianzero
99%
5Italiancinque
98%
9Italiannove
98%
8Italianotto
98%
6Italiansei
98%
7Italiansette
98%
10Italiandieci
96%
2Spanishdos
93%
3Spanishtres
92%
3Latintres*tria
92%
7Frenchsept
81%
5Spanishcinco
79%
3Frenchtrois
79%
4Frenchquatre
77%
9Frenchneuf
76%
2Frenchdeux
75%
8Spanishocho
74%
9Spanishnueve
72%
6Spanishseis
71%
7Spanishsiete
69%
8Frenchhuit
68%
6Frenchsix
68%
4Spanishcuatro
64%
10Frenchdix
64%
2Germanzwei
56%
10Spanishdiez
55%
5Germanfünf
52%
3Germandrei
51%
1Germaneins
45%
8Germanacht
44%
7Germansieben
44%
4Germanvier
43%
9Germanneun
42%
0Spanishcero
40%
0Germannull
39%
6Germansechs
39%
10Germanzehn
38%
6Latinsex
31%
2Latinduo*ae*o
21%
1Latinunus*a*um
16%
9Latinnovem
14%
8Latinocto
13%
7Latinseptem
12%
5Latinquinque
11%
10Latindecem
10%
4Latinquattuor
8%
0Latinnihil
4%

Distribuzione punteggi

Percentile per numero di risposta

Percentuale di utenti per punteggio

I tuoi punteggi nel tempo

Non hai fatto questo quiz